[Event "Sparkassen-Open A"]
[Site "Heusenstamm, Martinsee"]
[Date "2025.11.22"]
[Round "4.72"]
[White "Zargaran, Sepas"]
[Black "Müller, Mark"]
[Result "0-1"]
[WhiteElo "1880"]
[BlackElo "1995"]
[PlyCount "70"]
[EventDate "2025.11.20"]
[WhiteTeam "VSG 1880 Offenbach"]
[BlackTeam "SC Königsflügel Lindenholzhausen"]

1. e4 c5 2. Be2 Nc6 3. d3 e6 4. f4 d5 5. e5 Nh6 6. Be3 Nf5 7. Bf2 Qb6 8. Qc1 Be7 9. Nf3 h5 10. O-O Bd7 11. c3 a5 12. Nbd2 Rc8 13. Rb1 Qc7 14. Qe1 g5 15. g3 g4 16. Nh4 Bxh4 17. gxh4 Nce7 18. b4 cxb4 19. cxb4 Ng6 20. bxa5 Nxf4 21. Bg3 Qc5+ 22. Kh1 Ng6 23. Nb3 Qe3 24. Rxf5 exf5 25. Bf2 Qf4 26. Nc5 Bc6 27. d4 O-O 28. Rb3 Qh6 29. Qb1 f4 30. Nxb7 Bxb7 31. Rxb7 f3 32. Bf1 Rc1 33. Qb5 Qd2 34. Qb2 Rxf1+ 35. Bg1 Rxg1+ 0-1

[Event "Sparkassen-Open A"]
[Site "Heusenstamm, Martinsee"]
[Date "2025.11.22"]
[Round "4.73"]
[White "Hasenpflug, Till"]
[Black "Müller, Maximilian"]
[Result "0-1"]
[WhiteElo "1868"]
[BlackElo "1989"]
[PlyCount "78"]
[EventDate "2025.11.20"]
[WhiteTeam "SK Bad Homburg 1927"]
[BlackTeam "SVG Saarbrücken 1970 e.V."]

1. e4 e6 2. b3 c5 3. Bb2 Nc6 4. Nf3 Qc7 5. Nc3 a6 6. Be2 Nf6 7. O-O Be7 8. d4 cxd4 9. Nxd4 O-O 10. Nxc6 bxc6 11. f4 d5 12. e5 Nd7 13. Bd3 Nc5 14. Rf3 Nxd3 15. Qxd3 Rd8 16. Rh3 g6 17. Ne2 c5 18. Rf1 a5 19. Qd2 Bf8 20. Ng3 a4 21. f5 exf5 22. Nxf5 Bxf5 23. Rxf5 axb3 24. cxb3 Rxa2 25. Rf2 d4 26. Rhf3 Qxe5 27. Rxf7 Re8 28. g3 Bg7 29. Kg2 Qe4+ 30. Kg1 Qe1+ 31. Qxe1 Rxe1+ 32. Kg2 Rxb2 33. Rxg7+ Kxg7 34. Rxb2 Kf6 35. Kf2 Re5 36. Rd2 Rf5+ 37. Ke2 Ke5 38. Rd3 Ke4 39. g4 Rf2+ 0-1

[Event "Sparkassen-Open A"]
[Site "Heusenstamm, Martinsee"]
[Date "2025.11.22"]
[Round "4.74"]
[White "Richter, Johanna"]
[Black "Stein, Tobias"]
[Result "0-1"]
[WhiteElo "1868"]
[BlackElo "1993"]
[PlyCount "102"]
[EventDate "2025.11.20"]
[WhiteTeam "Sfr.Heidesheim"]
[BlackTeam "SV Alsfeld"]

1. d4 Nf6 2. c4 g6 3. Nc3 Bg7 4. e4 d6 5. Be2 O-O 6. Be3 e5 7. d5 a5 8. g4 h6 9. h4 Ne8 10. Qd2 Kh7 11. h5 g5 12. f3 Bd7 13. Nh3 Bf6 14. Nf2 Na6 15. O-O Be7 16. Rab1 Qb8 17. b3 c6 18. Na4 Bd8 19. Nb6 Bxb6 20. Bxb6 cxd5 21. cxd5 Nc5 22. Nd3 Nxd3 23. Bxd3 Nc7 24. Kg2 a4 25. bxa4 Rxa4 26. Rfc1 Rc8 27. Rb2 Na6 28. Rcb1 Qa8 29. Bf2 Rc7 30. Bb6 Rc8 31. Bf2 Nc5 32. Bxc5 Rxc5 33. Rxb7 Rxa2 34. R7b2 Rca5 35. Rxa2 Rxa2 36. Rb2 Ra1 37. Qb4 Qa7 38. Qb6 Qa3 39. Qb3 Qc5 40. Rb1 Ra3 41. Qc4 Qe3 42. Be2 Rc3 43. Qa2 Bxg4 44. fxg4 Qh3+ 45. Kf2 Qh4+ 46. Kf1 Rh3 47. Qa7 Rh1+ 48. Kg2 Qh2+ 49. Kf3 Qf4+ 50. Kg2 Rh2+ 51. Kg1 Qg3+ 0-1

[Event "Sparkassen-Open A"]
[Site "Heusenstamm, Martinsee"]
[Date "2025.11.22"]
[Round "4.75"]
[White "Tremöhlen, Thomas"]
[Black "Lotz, Ralf"]
[Result "1-0"]
[WhiteElo "1986"]
[BlackElo "1889"]
[PlyCount "69"]
[EventDate "2025.11.20"]
[WhiteTeam "SPORTGEM Kaarst 1912/35"]
[BlackTeam "SC 1952 Obertshausen"]

1. d4 d5 2. Nf3 Nf6 3. e3 Bg4 4. Nbd2 e6 5. Bd3 Bd6 6. c3 O-O 7. Qb3 b6 8. Ne5 Bh5 9. O-O Ng4 10. Nxg4 Bxg4 11. f4 f5 12. Nf3 Nd7 13. c4 c6 14. Bd2 Rc8 15. Rac1 Bh5 16. h3 h6 17. Rc2 Bf7 18. Ne5 Nxe5 19. fxe5 Be7 20. cxd5 cxd5 21. Ba6 Rxc2 22. Qxc2 Qd7 23. Rc1 Rd8 24. Qc7 Bg5 25. b3 Be8 26. Kf2 Kf7 27. Bb4 Be7 28. Bd6 Kf8 29. Qxd7 Rxd7 30. Rc8 Kf7 31. Bc7 Bb4 32. Bb8 Ke7 33. Bb5 Rd8 34. Bd6+ Bxd6 35. exd6+ 1-0

[Event "Sparkassen-Open A"]
[Site "Heusenstamm, Martinsee"]
[Date "2025.11.22"]
[Round "4.76"]
[White "Gao, Chenzhuo"]
[Black "Pauls, Wilhelm"]
[Result "0-1"]
[WhiteElo "1825"]
[BlackElo "1984"]
[PlyCount "84"]
[EventDate "2025.11.20"]
[WhiteTeam "SC Rotenburg"]
[BlackTeam "SPORTGEM Kaarst 1912/35"]

1. d4 Nf6 2. c4 g6 3. Nc3 Bg7 4. e4 d6 5. Nf3 O-O 6. Be2 e5 7. O-O Nc6 8. d5 Ne7 9. Ne1 Ne8 10. Be3 f5 11. f3 Nf6 12. c5 Kh8 13. Rc1 Neg8 14. a4 Rf7 15. Qc2 Bh6 16. Bxh6 Nxh6 17. b4 Nh5 18. Nb5 Nf4 19. cxd6 cxd6 20. Rf2 fxe4 21. fxe4 Qb6 22. Bf3 Ng4 23. Bxg4 Bxg4 24. Nf3 a6 25. Na3 Bxf3 26. Nc4 Qd4 27. gxf3 Nh3+ 28. Kg2 Qxf2+ 29. Qxf2 Nxf2 30. Kxf2 Rc7 31. Nb6 Rxc1 32. Nxa8 Rc4 33. a5 Kg8 34. Nb6 Rxb4 35. Nc8 Kf8 36. Nxd6 b6 37. axb6 Rxb6 38. Nc4 Rb4 39. Nxe5 a5 40. d6 Rb2+ 41. Ke3 a4 42. Nd3 a3 0-1

[Event "Sparkassen-Open A"]
[Site "Heusenstamm, Martinsee"]
[Date "2025.11.22"]
[Round "4.77"]
[White "Wambach, Jürgen"]
[Black "Alt, Johannes"]
[Result "1-0"]
[WhiteElo "1976"]
[BlackElo "1836"]
[PlyCount "75"]
[EventDate "2025.11.20"]
[WhiteTeam "SK 1982 Klingenberg e.V."]
[BlackTeam "Sfr.Heidesheim"]

1. c4 Nf6 2. g3 g6 3. Bg2 Bg7 4. Nc3 O-O 5. d4 d6 6. h3 Nbd7 7. e4 e5 8. Nf3 Re8 9. Be3 b6 10. O-O Bb7 11. d5 Nc5 12. Qc2 a5 13. b3 Qd7 14. a3 Nh5 15. b4 axb4 16. axb4 Na6 17. Rab1 Bc8 18. Kh2 f5 19. exf5 gxf5 20. Ng5 Qe7 21. Ne6 Bxe6 22. dxe6 e4 23. Nd5 Qxe6 24. b5 Nc5 25. Nxc7 Qe5 26. Bxc5 dxc5 27. Nxa8 Rxa8 28. Rbd1 Ra3 29. Rd5 Qe6 30. Bxe4 fxe4 31. Rxh5 Rc3 32. Qd2 Rxc4 33. Qd8+ Kf7 34. Rd1 Rd4 35. Qc7+ Kg8 36. Ra1 Qe8 37. Ra7 Qf8 38. Rf5 1-0

[Event "Sparkassen-Open A"]
[Site "Heusenstamm, Martinsee"]
[Date "2025.11.22"]
[Round "4.78"]
[White "Kulenovic, Adnan"]
[Black "Blaschke, Henri Johannes"]
[Result "1/2-1/2"]
[WhiteElo "1854"]
[BlackElo "1970"]
[PlyCount "89"]
[EventDate "2025.11.20"]
[WhiteTeam "Spielgemeinschaft Kinzigtal"]
[BlackTeam "SK Vellmar 1950"]

1. h4 d5 2. e3 Nf6 3. d4 e6 4. Nh3 Bd6 5. Nd2 b6 6. Bd3 Bb7 7. c3 c5 8. Qe2 Nbd7 9. f4 Ne4 10. Bxe4 dxe4 11. Nf2 f5 12. Nc4 Be7 13. Ne5 O-O 14. g3 cxd4 15. cxd4 Nxe5 16. fxe5 Rc8 17. Nh3 Bb4+ 18. Kf2 Bd5 19. b3 Rf7 20. Bb2 Rfc7 21. Rhc1 Rxc1 22. Rxc1 Rxc1 23. Bxc1 Qc8 24. Qb2 Bc3 25. Qb1 b5 26. Nf4 Qc6 27. Nxd5 Qxd5 28. Qc2 b4 29. Bd2 Qa5 30. Ke1 Kf7 31. a4 h6 32. Kd1 Kg6 33. Kc1 Kh7 34. g4 g6 35. Bxc3 bxc3 36. Qe2 Qb4 37. Kc2 fxg4 38. Qxg4 Qa3 39. Kxc3 Qc1+ 40. Kb4 Qxe3 41. Qxe6 Qxd4+ 42. Kb5 Qd3+ 43. Kb4 Qd4+ 44. Kb5 Qd3+ 45. Kb4 1/2-1/2

[Event "Sparkassen-Open A"]
[Site "Heusenstamm, Martinsee"]
[Date "2025.11.22"]
[Round "4.79"]
[White "Schulze, Manfred"]
[Black "Trenz, Finn"]
[Result "1/2-1/2"]
[WhiteElo "1844"]
[BlackElo "1952"]
[PlyCount "89"]
[EventDate "2025.11.20"]
[WhiteTeam "SC Steinbach"]
[BlackTeam "SV Multatuli Ingelheim e.V."]

1. d4 f5 2. Bg5 g6 3. h4 h6 4. Bf4 Nf6 5. Nc3 Bg7 6. e3 d6 7. Bc4 e6 8. Qe2 Nc6 9. O-O-O Na5 10. Bd3 Qe7 11. Nf3 Nc6 12. Bb5 Nd5 13. Nxd5 exd5 14. Qd3 a6 15. Qa3 O-O 16. Bd3 Be6 17. Rhg1 b5 18. Qc3 Qe8 19. Nh2 h5 20. f3 Kh8 21. Qd2 Ne7 22. e4 Bxd4 23. Be3 Bg7 24. exf5 Nxf5 25. Bg5 Be5 26. g4 hxg4 27. fxg4 Nd4 28. c3 Bxh2 29. Qxh2 Nf3 30. Qf2 Kg8 31. Qg3 Nxg1 32. Rxg1 Bd7 33. h5 Qe5 34. Qh4 gxh5 35. Qxh5 Rf7 36. Bg6 Raf8 37. Rh1 Rf1+ 38. Rxf1 Rxf1+ 39. Kc2 Rf2+ 40. Kb3 Rh2 41. Bf7+ Kf8 42. Bh6+ Ke7 43. Bg5+ Kf8 44. Bh6+ Ke7 45. Bg5+ 1/2-1/2

[Event "Sparkassen-Open A"]
[Site "Heusenstamm, Martinsee"]
[Date "2025.11.22"]
[Round "4.80"]
[White "Bogucanin, Mirsad"]
[Black "Liu, Jonas"]
[Result "1/2-1/2"]
[WhiteElo "1966"]
[BlackElo "1836"]
[PlyCount "47"]
[EventDate "2025.11.20"]
[WhiteTeam "VSG 1880 Offenbach"]
[BlackTeam "SV Oberursel"]

1. Nf3 d5 2. d4 e6 3. c4 Nf6 4. Nc3 c6 5. Bg5 Be7 6. e3 h6 7. Bh4 Nbd7 8. Rc1 O-O 9. Bd3 dxc4 10. Bxc4 b5 11. Bd3 Bb7 12. O-O a6 13. Re1 c5 14. dxc5 Nxc5 15. Bc2 Qb6 16. b4 Rfd8 17. bxc5 Bxc5 18. Qe2 Bb4 19. Bb1 Rac8 20. Bxf6 gxf6 21. Ne4 Bxe4 22. Rxc8 Rxc8 23. Bxe4 Bxe1 24. Nxe1 1/2-1/2

[Event "Sparkassen-Open A"]
[Site "Heusenstamm, Martinsee"]
[Date "2025.11.22"]
[Round "4.81"]
[White "Rose, Torsten"]
[Black "Blomer, Moritz"]
[Result "0-1"]
[WhiteElo "1818"]
[BlackElo "1962"]
[PlyCount "64"]
[EventDate "2025.11.20"]
[WhiteTeam "SV Königsjäger Süd-West e.V."]
[BlackTeam "SG Porz e. V."]

1. d4 Nf6 2. c4 g6 3. Nc3 d5 4. cxd5 Nxd5 5. e4 Nxc3 6. bxc3 Bg7 7. Qa4+ Nd7 8. Qa3 O-O 9. Nf3 b6 10. Bd3 Bb7 11. O-O Nc5 12. Bc2 Nxe4 13. Re1 Nd6 14. Ng5 h6 15. Ne4 Nxe4 16. Bxe4 Bxe4 17. Rxe4 e6 18. Bf4 Qd5 19. Re3 Rfc8 20. Be5 Bxe5 21. Rxe5 Qd6 22. Qc1 Kg7 23. Qe3 c5 24. dxc5 Rxc5 25. Rxc5 Qxc5 26. Qd3 Rc8 27. Rc1 Qc4 28. Qc2 b5 29. Qb2 Kh7 30. a3 a5 31. Rd1 Rc5 32. Qd2 Rd5 0-1

[Event "Sparkassen-Open A"]
[Site "Heusenstamm, Martinsee"]
[Date "2025.11.22"]
[Round "4.82"]
[White "Stumpf, Daniel"]
[Black "Börsch, Dieter"]
[Result "1-0"]
[WhiteElo "1960"]
[BlackElo "1816"]
[PlyCount "71"]
[EventDate "2025.11.20"]
[WhiteTeam "SC Schwarz-Weiß Lichtenrade e.V."]
[BlackTeam "SK Bad Homburg 1927"]

1. c4 Nf6 2. Nc3 c5 3. g3 Nc6 4. Bg2 g6 5. a3 Bg7 6. Rb1 O-O 7. b4 cxb4 8. axb4 d6 9. h3 Be6 10. d3 d5 11. b5 Na5 12. c5 Rc8 13. d4 Ne4 14. Nxe4 dxe4 15. e3 Bd5 16. Bd2 Nc4 17. Ne2 e5 18. O-O exd4 19. exd4 Re8 20. Be3 Nxe3 21. fxe3 Qg5 22. Qc1 Bh6 23. Nf4 Red8 24. Kh2 Qe7 25. Qc3 Bg7 26. Qc2 f5 27. Nxd5 Rxd5 28. Qa2 Qd7 29. Qxa7 Bh6 30. Rb3 Qe7 31. c6 Qc7 32. Rc1 b6 33. Ra1 Bxe3 34. Rxe3 Rxb5 35. Rc3 Qd6 36. Qd7 1-0

[Event "Sparkassen-Open A"]
[Site "Heusenstamm, Martinsee"]
[Date "2025.11.22"]
[Round "4.83"]
[White "Shanawaz Thabrez, Shahzaib"]
[Black "Chaganti, Prahasith Reddy"]
[Result "1-0"]
[WhiteElo "1945"]
[BlackElo "1820"]
[PlyCount "117"]
[EventDate "2025.11.20"]
[WhiteTeam "SK Langen"]
[BlackTeam "Mönchengladbacher SV 1"]

1. e4 c5 2. Nf3 Nc6 3. d4 cxd4 4. Nxd4 g6 5. c4 Bg7 6. Be3 d6 7. Nc3 Nf6 8. Be2 a6 9. O-O O-O 10. Rc1 Bd7 11. h3 Rc8 12. Qd2 Nxd4 13. Bxd4 e5 14. Be3 Ne8 15. f4 exf4 16. Bxf4 Be6 17. b3 Be5 18. Nd5 Bxd5 19. exd5 Bxf4 20. Qxf4 Ng7 21. Kh1 Qa5 22. Rc2 Qc5 23. Qd2 a5 24. Rc3 Rfe8 25. Rf6 Re5 26. Rcf3 Nf5 27. Bd3 Qd4 28. Rf4 Qa1+ 29. Kh2 Kg7 30. Bxf5 Rxf5 31. R4xf5 gxf5 32. Qg5+ Kf8 33. Qxf5 Qe5+ 34. Qxe5 dxe5 35. Rb6 Rc7 36. g4 Kg7 37. Kg3 f6 38. Kf3 a4 39. d6 Rd7 40. Ke4 axb3 41. axb3 Kf7 42. Kf5 h6 43. c5 e4 44. Kxe4 Ke6 45. Rb4 Rf7 46. Rd4 Rd7 47. Kf4 Rf7 48. d7 Rxd7 49. Rxd7 Kxd7 50. Kf5 Ke7 51. b4 Kf7 52. b5 Ke7 53. c6 bxc6 54. bxc6 Kd6 55. Kxf6 Kxc6 56. Kg6 Kd7 57. Kxh6 Ke7 58. Kg7 Ke6 59. h4 1-0

[Event "Sparkassen-Open A"]
[Site "Heusenstamm, Martinsee"]
[Date "2025.11.22"]
[Round "4.84"]
[White "Sasikumar Anitha, Sarvesh"]
[Black "Michalski, Uwe"]
[Result "0-1"]
[WhiteElo "1924"]
[BlackElo "1800"]
[PlyCount "102"]
[EventDate "2025.11.20"]
[WhiteTeam "SK 1858 Gießen"]
[BlackTeam "Sfr.Mainz 1928"]

1. e4 e5 2. Nf3 Nc6 3. Bb5 a6 4. Ba4 f5 5. d4 fxe4 6. Nxe5 Nxe5 7. dxe5 Bc5 8. e6 Nf6 9. Bg5 O-O 10. Qe2 dxe6 11. Nd2 Qd4 12. Bb3 Qxb2 13. O-O Qe5 14. Bxf6 Rxf6 15. Nxe4 Rxf2 16. Qxf2 Bxf2+ 17. Nxf2 Bd7 18. Rae1 Qc5 19. Kh1 Rf8 20. Nd3 Rxf1+ 21. Rxf1 Qg5 22. Rf3 h5 23. h3 c5 24. Re3 Kh7 25. Re5 Qh6 26. Rxc5 h4 27. a4 Bc6 28. Re5 Qd2 29. Ne1 Bd5 30. c4 Qc3 31. Bc2+ Kh6 32. Re2 Qxc4 33. Rf2 Qc3 34. Nf3 Bxf3 35. gxf3 b5 36. Kg2 b4 37. Re2 e5 38. Be4 b3 39. Kf2 Qd4+ 40. Kf1 Qxa4 41. Rd2 Qb4 42. Rg2 g5 43. Rb2 a5 44. Ke2 a4 45. Rd2 a3 46. Kd1 Qxd2+ 47. Kxd2 a2 48. Kc3 a1=Q+ 49. Kxb3 Qf1 50. Kb4 Qxh3 51. Kc4 Qg3 0-1

[Event "Sparkassen-Open A"]
[Site "Heusenstamm, Martinsee"]
[Date "2025.11.22"]
[Round "4.85"]
[White "Fröhlich-Dill, Astrid"]
[Black "Trumpp, Lothar"]
[Result "0-1"]
[WhiteElo "1815"]
[BlackElo "1938"]
[PlyCount "106"]
[EventDate "2025.11.20"]
[WhiteTeam "SV 1920 Hofheim"]
[BlackTeam "VSG 1880 Offenbach"]

1. d4 Nf6 2. c4 e6 3. Nc3 b6 4. Bg5 h6 5. Bh4 Bb7 6. h3 Be7 7. Bxf6 Bxf6 8. e4 d6 9. Nf3 Nd7 10. Be2 O-O 11. O-O Re8 12. Qc2 Qe7 13. Rad1 g5 14. Nb5 Rec8 15. Nh2 Bg7 16. f4 gxf4 17. Rxf4 a6 18. Nc3 c5 19. Bh5 Rf8 20. Rdf1 Bxd4+ 21. Kh1 Nf6 22. Qe2 Kh7 23. Qf3 Nxh5 24. Qxh5 f5 25. exf5 Qg7 26. Rg4 Qf7 27. Rg6 Bg7 28. Nf3 Bxf3 29. Qxf3 exf5 30. Rxd6 Qxc4 31. Rd7 Rad8 32. Rxd8 Rxd8 33. Qxf5+ Kh8 34. Rf3 Re8 35. Rf4 Re1+ 36. Kh2 Qxf4+ 37. Qxf4 Be5 38. Kg3 Kg7 39. Qxe5+ Rxe5 40. Kf4 Rg5 41. g4 b5 42. h4 Rg6 43. Ne4 c4 44. h5 Rc6 45. Ke5 b4 46. Kd4 a5 47. Nd2 c3 48. bxc3 bxc3 49. Nb3 c2 50. Nc1 Kf6 51. Kd5 Rc8 52. Ke4 Kg5 53. Kf3 Rc3+ 0-1

[Event "Sparkassen-Open A"]
[Site "Heusenstamm, Martinsee"]
[Date "2025.11.22"]
[Round "4.86"]
[White "Hessler Carbonell, Louis"]
[Black "Mellinghoff, Arthur"]
[Result "0-1"]
[WhiteElo "1936"]
[BlackElo "1763"]
[PlyCount "64"]
[EventDate "2025.11.20"]
[WhiteTeam "SK Marburg 1931/72"]
[BlackTeam "Aachen"]

1. d4 Nf6 2. Nf3 g6 3. c4 Bg7 4. e3 O-O 5. Nc3 d6 6. Be2 c5 7. O-O cxd4 8. exd4 a6 9. Re1 Bf5 10. Nh4 Bd7 11. d5 e6 12. dxe6 Bxe6 13. Nf3 Nc6 14. Ng5 Bf5 15. Bf4 Ne8 16. Qd2 Ne5 17. Rad1 Rc8 18. b3 b5 19. Nd5 bxc4 20. bxc4 Nxc4 21. Bxc4 Rxc4 22. Ne7+ Kh8 23. Nxf5 gxf5 24. Bxd6 Nxd6 25. Qe3 Qf6 26. Rd5 Ne4 27. Nh3 Rd8 28. Nf4 Rxd5 29. Nxd5 Qd4 30. Qf4 Be5 31. Qh6 Qxf2+ 32. Kh1 Qxe1# 0-1

[Event "Sparkassen-Open A"]
[Site "Heusenstamm, Martinsee"]
[Date "2025.11.22"]
[Round "4.87"]
[White "Röß, Jonas"]
[Black "Zekovic, Alija"]
[Result "1-0"]
[WhiteElo "1882"]
[BlackElo "2008"]
[PlyCount "57"]
[EventDate "2025.11.20"]
[WhiteTeam "SV Würzburg von 1865 e.V."]
[BlackTeam "Dietzenbach"]

1. e4 e5 2. Nf3 Bc5 3. Nxe5 d5 4. d4 Bb6 5. exd5 Qxd5 6. Be3 Be6 7. c4 Ba5+ 8. Nd2 Qd8 9. b4 f6 10. Nd3 c5 11. bxa5 cxd4 12. Bf4 Qxa5 13. Bxb8 Rxb8 14. Qe2 Kf7 15. f3 Re8 16. Kf2 Nh6 17. Ne4 Qc7 18. c5 Re7 19. Nd6+ Kf8 20. Re1 g5 21. Qe4 Rg8 22. Qxd4 Rg6 23. h4 Bxa2 24. h5 Rxe1 25. hxg6 Rxf1+ 26. Kxf1 Qg7 27. gxh7 Qxh7 28. Qxf6+ Bf7 29. Qxh6+ 1-0

[Event "Sparkassen-Open A"]
[Site "Heusenstamm, Martinsee"]
[Date "2025.11.22"]
[Round "4.88"]
[White "Weiss, Matthias"]
[Black "Rohatgi, Kushagra"]
[Result "1/2-1/2"]
[WhiteElo "1980"]
[BlackElo "1869"]
[PlyCount "40"]
[EventDate "2025.11.20"]
[WhiteTeam "SF Schöneck"]
[BlackTeam "SAbt TuS Makkabi Ffm"]

1. e4 c6 2. d4 d5 3. exd5 cxd5 4. Bd3 Nc6 5. c3 Nf6 6. Bf4 Bg4 7. Qb3 Qd7 8. Nd2 e6 9. Ngf3 Bd6 10. Bxd6 Qxd6 11. O-O O-O 12. Rfe1 Rfb8 13. a4 Qc7 14. Qc2 a6 15. Ne5 Bh5 16. Ndf3 Rc8 17. Qb1 Rcb8 18. h3 Bxf3 19. Nxf3 h6 20. Ne5 Na7 1/2-1/2

[Event "Sparkassen-Open A"]
[Site "Heusenstamm, Martinsee"]
[Date "2025.11.22"]
[Round "4.89"]
[White "Eichstädt, Enrico"]
[Black "Schelhorn, Paul"]
[Result "1-0"]
[WhiteElo "1970"]
[BlackElo "1871"]
[PlyCount "107"]
[EventDate "2025.11.20"]
[WhiteTeam "SK Norderstedt von 1975"]
[BlackTeam "SF 1974 Heinsberg e."]

1. e4 d6 2. d4 Nf6 3. Nc3 g6 4. f3 c6 5. Be3 b5 6. Qd2 Nbd7 7. d5 cxd5 8. Nxd5 a6 9. Nh3 Bb7 10. Nhf4 Rc8 11. Nxf6+ Nxf6 12. a4 Bc6 13. axb5 axb5 14. Ra5 Ra8 15. b4 Rxa5 16. bxa5 Bh6 17. Qb4 Qd7 18. c4 Bxf4 19. Bxf4 bxc4 20. Qb8+ Qd8 21. Qxd8+ Kxd8 22. Bxc4 Nd7 23. Kd2 g5 24. Bg3 f6 25. Rb1 Kc7 26. Bf2 g4 27. a6 Ra8 28. Rc1 Nc5 29. Bxc5 dxc5 30. fxg4 Rb8 31. Kc3 Kd6 32. Re1 Rb4 33. Ra1 Rb8 34. a7 Ra8 35. Ra6 Ke5 36. Rxc6 Rxa7 37. Bd5 Kf4 38. Rxc5 Kxg4 39. Rb5 Ra6 40. Rb7 e6 41. Bc4 Rc6 42. Rxh7 f5 43. Rh6 fxe4 44. Rxe6 Rc8 45. Rxe4+ Kg5 46. Kd4 Ra8 47. Bd5 Ra3 48. Re3 Ra4+ 49. Ke5 Ra1 50. Rg3+ Kh4 51. Kf5 Rf1+ 52. Bf3 Rxf3+ 53. Rxf3 Kh5 54. Rh3# 1-0

[Event "Sparkassen-Open A"]
[Site "Heusenstamm, Martinsee"]
[Date "2025.11.22"]
[Round "4.90"]
[White "Gärtner, David"]
[Black "Werner, Rosalie"]
[Result "1/2-1/2"]
[WhiteElo "1838"]
[BlackElo "1940"]
[PlyCount "43"]
[EventDate "2025.11.20"]
[WhiteTeam "Sfr.Mainz 1928"]
[BlackTeam "VSG 1880 Offenbach"]

1. d4 Nf6 2. c4 e6 3. Nf3 d5 4. cxd5 exd5 5. Nc3 Be7 6. Bg5 c6 7. Qc2 Nbd7 8. e3 O-O 9. Bd3 Re8 10. h3 Nf8 11. O-O g6 12. Rab1 Ne6 13. Bxf6 Bxf6 14. b4 a6 15. a4 Bg7 16. Kh1 Qd6 17. b5 axb5 18. axb5 c5 19. dxc5 Nxc5 20. Rbd1 Ra5 21. Nd4 Be6 22. Ra1 1/2-1/2

[Event "Sparkassen-Open A"]
[Site "Heusenstamm, Martinsee"]
[Date "2025.11.22"]
[Round "4.91"]
[White "Stuhlmann, Florian"]
[Black "Ziska, Stephan"]
[Result "1-0"]
[WhiteElo "1933"]
[BlackElo "1848"]
[PlyCount "89"]
[EventDate "2025.11.20"]
[WhiteTeam "SC Königsflügel Lindenholzhausen"]
[BlackTeam "Schachforum Darmstadt 1994"]

1. d4 d5 2. c4 c6 3. Nc3 Nf6 4. cxd5 cxd5 5. Nf3 Nc6 6. Bf4 Bf5 7. e3 e6 8. Bd3 Bxd3 9. Qxd3 Bd6 10. Bxd6 Qxd6 11. O-O O-O 12. a3 Rac8 13. b4 Rfd8 14. Rfc1 e5 15. Nb5 Qb8 16. Nxe5 Nxe5 17. dxe5 Qxe5 18. Nxa7 Rc4 19. Rab1 Rh4 20. h3 Qg5 21. Kf1 Ne4 22. Rc2 Qg6 23. Qxd5 Qf6 24. Rd1 Re8 25. Qxb7 h6 26. Nb5 Qe5 27. Rc8 Rxc8 28. Qxc8+ Kh7 29. Nd4 g6 30. Qc4 Qf6 31. Qc2 Ng5 32. f4 Nxh3 33. gxh3 Rxh3 34. Qf2 Rh1+ 35. Ke2 Rh5 36. b5 Qe7 37. Rd3 Qb7 38. Qf3 Rh2+ 39. Kd1 Qc8 40. Nc6 Qf5 41. Ne5 Qc8 42. Rd2 Rh3 43. Qd5 Rxe3 44. Qxf7+ Kh8 45. Nxg6# 1-0

[Event "Sparkassen-Open A"]
[Site "Heusenstamm, Martinsee"]
[Date "2025.11.22"]
[Round "4.92"]
[White "Kürschner, Liam"]
[Black "Marchese, Gaspare"]
[Result "1-0"]
[WhiteElo "1921"]
[BlackElo "1844"]
[PlyCount "95"]
[EventDate "2025.11.20"]
[WhiteTeam "SK Langen"]
[BlackTeam "SC Matt im Park Ffm"]

1. c4 e5 2. g3 Nf6 3. Bg2 d5 4. cxd5 Nxd5 5. Nf3 Nc6 6. O-O Be7 7. Nc3 Nxc3 8. bxc3 O-O 9. Rb1 Rb8 10. d4 Bf5 11. Ra1 exd4 12. cxd4 Bf6 13. e3 Be4 14. a4 Qd5 15. Ba3 Rfe8 16. Rc1 b6 17. Ne1 Bxg2 18. Nxg2 Rbc8 19. Rc3 Qd7 20. Nf4 g6 21. Qf3 Be7 22. Qxc6 Qxc6 23. Rxc6 Bxa3 24. Nd5 Re6 25. Rxc7 Rxc7 26. Nxc7 Re7 27. Nb5 Bb4 28. Rb1 a5 29. Rc1 Kg7 30. Rc6 Re6 31. d5 Rf6 32. d6 Re6 33. d7 Be7 34. Nd4 Rxc6 35. Nxc6 Bf6 36. d8=Q Bxd8 37. Nxd8 Kf6 38. Kf1 Ke5 39. Nxf7+ Kd5 40. Ke2 Kc5 41. Kd3 Kb4 42. Kc2 Kxa4 43. Kb2 Kb4 44. e4 Kc5 45. e5 Kd5 46. f4 b5 47. Nd6 b4 48. Kb3 1-0

[Event "Sparkassen-Open A"]
[Site "Heusenstamm, Martinsee"]
[Date "2025.11.22"]
[Round "4.93"]
[White "Wang, Simon"]
[Black "Klein, Deniz"]
[Result "1-0"]
[WhiteElo "1824"]
[BlackElo "1913"]
[PlyCount "89"]
[EventDate "2025.11.20"]
[WhiteTeam "SF Dachau 1932 e.V."]
[BlackTeam "SK Kaiserslautern 1905"]

1. c4 e5 2. g3 Nc6 3. Bg2 g6 4. d3 Bg7 5. Nf3 Nge7 6. O-O O-O 7. Nc3 d6 8. Rb1 a5 9. a3 Nd4 10. Nxd4 exd4 11. Nd5 Nxd5 12. Bxd5 c6 13. Bg2 Re8 14. h3 h6 15. Qc2 Be6 16. Kh2 d5 17. c5 a4 18. b3 axb3 19. Rxb3 Bc8 20. Bf4 Bf8 21. Re1 Ra5 22. Bd2 Rxc5 23. Qb2 Qf6 24. Kg1 Bg7 25. a4 Rc3 26. Bxc3 dxc3 27. Qc2 Qg5 28. Kf1 Qh5 29. g4 Qh4 30. Rb4 c5 31. Rb5 h5 32. e3 hxg4 33. hxg4 Bxg4 34. f3 Bd7 35. Rxc5 Bxa4 36. Qb1 c2 37. Qxb7 Qe7 38. Rc7 Qh4 39. Qxd5 Qf6 40. Qc4 Ra8 41. f4 Ra5 42. Bd5 Qh4 43. Bxf7+ Kh7 44. Bxg6+ Kh6 45. Be4 1-0

[Event "Sparkassen-Open A"]
[Site "Heusenstamm, Martinsee"]
[Date "2025.11.22"]
[Round "4.94"]
[White "Arne, Jonas"]
[Black "Janknecht, Eckart"]
[Result "1-0"]
[WhiteElo "1896"]
[BlackElo "1823"]
[PlyCount "85"]
[EventDate "2025.11.20"]
[WhiteTeam "SK Kaiserslautern 1905"]
[BlackTeam "Kölner SK Dr. Lasker 186"]

1. e4 e5 2. Nf3 Nc6 3. Bb5 f5 4. d3 Nf6 5. Nc3 Bc5 6. O-O d6 7. Re1 O-O 8. Na4 Bb6 9. Nxb6 axb6 10. c3 fxe4 11. dxe4 h6 12. Nd2 Kh8 13. Nf1 Ng4 14. f3 Nf6 15. Ne3 Ne7 16. Bf1 Be6 17. a4 Nh5 18. c4 Nf4 19. Nd5 Neg6 20. Be3 Rf7 21. Qd2 Kh7 22. a5 Rxa5 23. Rxa5 bxa5 24. Qxa5 b6 25. Qc3 Bd7 26. Ra1 Bc6 27. Qd2 Bb7 28. b4 Ne6 29. b5 Nc5 30. Bxc5 bxc5 31. Ra7 Qb8 32. Qa5 Nf8 33. Bd3 Kg8 34. Bc2 c6 35. Nc3 cxb5 36. Nxb5 Ne6 37. Qb6 Nd4 38. Ba4 Nxb5 39. cxb5 Qc7 40. Qxc7 Rxc7 41. b6 Rf7 42. Bb3 d5 43. Rxb7 1-0

[Event "Sparkassen-Open A"]
[Site "Heusenstamm, Martinsee"]
[Date "2025.11.22"]
[Round "4.95"]
[White "Schellen, Sven"]
[Black "Arkhipenko, Denis"]
[Result "0-1"]
[WhiteElo "1822"]
[BlackElo "1804"]
[PlyCount "64"]
[EventDate "2025.11.20"]
[WhiteTeam "SV Frankfurt Nord 1926"]
[BlackTeam "SC Heusenstamm"]

1. e4 c6 2. Nc3 d5 3. d4 dxe4 4. Nxe4 Bf5 5. Ng5 Bg6 6. h4 h6 7. N1f3 Nd7 8. h5 Bh7 9. Bd3 Bxd3 10. Qxd3 Ngf6 11. Bd2 e6 12. O-O-O Bd6 13. Ne4 Nxe4 14. Qc4 Nef6 15. Qe2 Qc7 16. g3 c5 17. dxc5 Qxc5 18. Bc3 a6 19. Rh4 Be7 20. Ne5 b5 21. Rhd4 Nd5 22. Qf3 Bg5+ 23. Bd2 Bf6 24. Bb4 Qc7 25. Rxd5 exd5 26. Qxd5 Rd8 27. Nxd7 Rxd7 28. Qe4+ Be7 29. Re1 O-O 30. Bc3 Qc4 31. Qf5 Rfd8 32. Ba5 Qxa2 0-1